000
00206 a2200097 4500
001
8595
100
_a
Shoukat Hashmi
245
_a
Sundar ban ka adam khor
260
_a
_b
Ferozsons
_c
090
_c
6917
_d
6917
942
_a
NUST-CAE
_c
M
_c
33508
999
_c
243668
_d
243668